ذو القلبين : (Record no. 67523)

MARC details
000 -LEADER
fixed length control field 00512nam a22001697a 4500
005 - DATE AND TIME OF LATEST TRANSACTION
control field 20251108172000.0
008 - FIXED-LENGTH DATA ELEMENTS--GENERAL INFORMATION
fixed length control field 250721s1985 xx 000 0 ara d
082 14 - DEWEY DECIMAL CLASSIFICATION NUMBER
Classification number 811.01/جور
100 1# - MAIN ENTRY--PERSONAL NAME
Personal name غريب، جورج
245 10 - TITLE STATEMENT
Title ذو القلبين :
Remainder of title جميل بن معمر /
264 1# - PRODUCTION, PUBLICATION, DISTRIBUTION, MANUFACTURE, AND COPYRIGHT NOTICE
Place of production, publication, distribution, manufacture بيروت :
Name of producer, publisher, distributor, manufacturer دار الثقافة،
Date of production, publication, distribution, manufacture, or copyright notice 1985.
300 ## - PHYSICAL DESCRIPTION
Extent 238ص
490 0# - SERIES STATEMENT
Series statement سلسلة الموسوعة في الأدب العربي ؛ 44
650 17 - SUBJECT ADDED ENTRY--TOPICAL TERM
Topical term or geographic name as entry element شعر الغزل
942 ## - ADDED ENTRY ELEMENTS (KOHA)
Source of classification or shelving scheme Dewey Decimal Classification
Koha item type Books
Holdings
حالة السحب حالة الفقدان مصدر التصنيف حالة التلف غير قابل للإعارة المكتبة الرئيسية المكتبة الحالية موقع الرف تاريخ التزويد الرقم المتسلسل Total Checkouts رقم الإستدعاء الباركود تاريخ آخر ظهور تاريخ الفاتورة نوع المادة (كوها)
    Dewey Decimal Classification     مكتبة الجويدة مكتبة الجويدة الإعارة 16/05/2015 (1422)   811.01/جور PLD00324291 28/07/2025 16/05/2015 Books
    Dewey Decimal Classification     مكتبة وادي السير العامة مكتبة وادي السير العامة الإعارة 17/03/2016 [1973.]   811.01/جور PLD00380532 28/07/2025 17/03/2016 Books
Implemented & Customized by: BBB with SCIT (Smart Chains for Information Technology)

Powered by Koha